[Event "Hrvatska"]
[Site "?"]
[Date "1997.??.??"]
[Round "?"]
[White "Varga, Zo"]
[Black "Lalic, B."]
[Result "1/2-1/2"]
[WhiteElo "2495"]
[BlackElo "2600"]
[PlyCount "66"]
[EventDate "1997.??.??"]
[Source "ChessBase"]
[SourceDate "1997.06.01"]

1. e4 e5 2. Nc3 Nf6 3. Bc4 Nxe4 4. Qh5 Nd6 5. Bb3 Nc6 6. Nb5 g6 7. Qf3 f5 8. Qd5 Qe7 9. Nxc7+ Kd8 10. Nxa8 b6 11. Nxb6 axb6 12. Qf3 Bb7 13. Qd1 Nd4 14. Kf1 f4 15. f3 e4 16. d3 exf3 17. gxf3 Bh6 18. c3 N4f5 19. Qe2 Qf6 20. Qf2 Kc7 21. Bd2 Bg5 22. h4 Ng3+ 23. Kg2 Bxh4 24. Bxf4 Nxh1 25. Bxd6+ Kxd6 26. Qxb6+ Bc6 27. Kxh1 Re8 28. d4 Bf2 29. Qb4+ Kc7 30. Qa5+ Kb7 31. Qb4+ Kc7 32. Qa5+ Kb7 33. Qb4+ Kc7 1/2-1/2

[Event "Havlickuv Brod"]
[Site "?"]
[Date "2006.09.27"]
[Round "5.2"]
[White "Cvek Robert"]
[Black "Polak Tomas"]
[Result "1/2-1/2"]
[WhiteElo "2509"]
[BlackElo "2473"]
[PlyCount "62"]
[EventDate "2006.??.??"]
[Source "www.chesslib.no"]
[SourceDate "2004.05.04"]

1. e4 e5 2. Nc3 Nf6 3. Bc4 Nxe4 4. Qh5 Nd6 5. Bb3 Nc6 6. Nb5 g6 7. Qf3 f5 8. Qd5 Qe7 9. Nxc7+ Kd8 10. Nxa8 b6 11. Qd3 Bb7 12. Ne2 Bxa8 13. O-O Bg7 14. Qh3 h5 15. d4 g5 16. dxe5 Nxe5 17. Nc3 f4 18. Nd5 g4 19. Nxe7 gxh3 20. Re1 Re8 21. Bxf4 Rxe7 22. Bg5 Nf5 23. Rxe5 Bxe5 24. Re1 Bxb2 25. Bf7 Bc3 26. Bxe7+ Nxe7 27. Re3 Bf6 28. Rxh3 h4 29. Re3 Bc6 30. g4 Nd5 31. Re8+ Kc7 1/2-1/2

[Event "FIN Team Ch 9697"]
[Site "Finland"]
[Date "1997.??.??"]
[Round "7.1"]
[White "Liiva, Riho"]
[Black "Norri, Joose"]
[Result "1/2-1/2"]
[WhiteElo "2415"]
[BlackElo "2430"]
[PlyCount "59"]
[EventDate "1996.??.??"]
[Source "www.chesslib.no"]
[SourceDate "2004.05.04"]

1. e4 e5 2. Nc3 Nf6 3. Bc4 Nxe4 4. Qh5 Nd6 5. Bb3 Nc6 6. Nb5 g6 7. Qf3 f5 8. Qd5 Qe7 9. Nxc7+ Kd8 10. Nxa8 b6 11. d3 Bb7 12. h4 f4 13. Qf3 Bh6 14. Bd2 Nd4 15. Qg4 e4 16. O-O-O e3 17. fxe3 Nxb3+ 18. axb3 fxe3 19. Be1 e2+ 20. Rd2 Bxd2+ 21. Kxd2 Re8 22. Qg5 Bxg2 23. Rh2 Bxa8 24. Nxe2 Nf5 25. Bf2 Rf8 26. Nd4 Nxd4 27. Bxd4 Bf3 28. Rf2 Qxg5+ 29. hxg5 Rf5 30. Ke3 1/2-1/2

[Event "ARG Ch"]
[Site "Buenos Aires ARG"]
[Date "1972.??.??"]
[Round "6"]
[White "Rossetto, Hector D"]
[Black "Szmetan, Jorge"]
[Result "1-0"]
[WhiteElo "2465"]
[BlackElo "2365"]
[PlyCount "145"]
[EventDate "1972.??.??"]
[Source "www.chesslib.no"]
[SourceDate "2004.05.04"]

1. e4 e5 2. Nc3 Nf6 3. Bc4 Nxe4 4. Qh5 Nd6 5. Bb3 Nc6 6. Nb5 g6 7. Qf3 f5 8. Qd5 Qe7 9. Nxc7+ Kd8 10. Nxa8 b6 11. d3 Bb7 12. h4 f4 13. Nxb6 axb6 14. Qf3 Nd4 15. Qg4 N6f5 16. Bd2 Qf6 17. c3 h5 18. Qh3 Nxb3 19. axb3 Qc6 20. Nf3 d6 21. Ng5 Kc7 22. Qf3 Qd7 23. Ra7 Kb8 24. Rxb7+ Qxb7 25. Qxb7+ Kxb7 26. Nf3 Be7 27. Kd1 Bf6 28. Kc2 Kc6 29. Be1 Ra8 30. Kb1 Re8 31. Kc2 Ra8 32. Bd2 Re8 33. Rh3 Ra8 34. g3 fxg3 35. fxg3 d5 36. Ng1 e4 37. dxe4 dxe4 38. Ne2 e3 39. Bc1 Re8 40. Rh1 Be5 41. Rg1 Bc7 42. Kd3 Rd8+ 43. Nd4+ Nxd4 44. cxd4 e2 45. Bd2 Be5 46. Bc3 e1=Q 47. Rxe1 Bxg3 48. Re4 Kd5 49. Be1 Bd6 50. Re3 Rg8 51. Bg3 g5 52. Bxd6 Kxd6 53. Re5 gxh4 54. Rxh5 Rg3+ 55. Kc4 h3 56. Rh6+ Kc7 57. b4 Rg2 58. Rh7+ Kb8 59. Rxh3 Rxb2 60. Kb5 Kc7 61. Rh6 Rd2 62. Rc6+ Kd7 63. Rc4 Kd6 64. Kxb6 Kd5 65. Rc8 Rb2 66. b5 Kxd4 67. Rc5 Rh2 68. Rg5 Kc4 69. Ka6 Ra2+ 70. Kb7 Ra5 71. Kc6 Kd4 72. Rg4+ Ke5 73. b6 1-0

[Event "Memorial Archil Ebralidze (cat.7)"]
[Site "Tbilisi (Georgia)"]
[Date "2007.04.12"]
[Round "11"]
[White "Babujian Levon (ARM)"]
[Black "Hayrapetian Arman (ARM)"]
[Result "0-1"]
[WhiteElo "2413"]
[BlackElo "2396"]
[PlyCount "76"]
[EventDate "2007.??.??"]
[Source "www.chesslib.no"]
[SourceDate "2004.05.04"]

1. e4 e5 2. Nc3 Nf6 3. Bc4 Nxe4 4. Qh5 Nd6 5. Bb3 Nc6 6. Nb5 g6 7. Qf3 f5 8. Qd5 Qe7 9. Nxc7+ Kd8 10. Nxa8 b6 11. Qf3 Bb7 12. Nxb6 axb6 13. Qh3 h5 14. d3 g5 15. Qe3 Kc7 16. Qxg5 Qe8 17. Ne2 f4 18. Qh4 f3 19. c3 fxe2 20. f3 Qg6 21. Qf2 Ba6 22. Bc2 Rg8 23. Qxe2 Qxg2 24. Qxg2 Rxg2 25. Bd2 e4 26. fxe4 Ne5 27. O-O-O Bxd3 28. Rdg1 Rf2 29. Bxd3 Nxd3+ 30. Kc2 Bh6 31. Rd1 Ne5 32. Rhf1 Re2 33. b3 h4 34. h3 Rg2 35. Rf6 Bxd2 36. Rxd6 Kxd6 37. Rxd2+ Rxd2+ 38. Kxd2 Nf3+ 0-1

[Event "Lublin"]
[Site "Lublin"]
[Date "1993.??.??"]
[Round "?"]
[White "Hawelko, Marek"]
[Black "Czerwonski, Aleksander"]
[Result "0-1"]
[WhiteElo "2400"]
[BlackElo "2370"]
[PlyCount "84"]
[EventDate "1993.??.??"]
[Source "ChessBase"]

1. e4 e5 2. Nc3 Nf6 3. Bc4 Nxe4 4. Qh5 Nd6 5. Bb3 Nc6 6. Nb5 g6 7. Qf3 f5 8. Qd5 Qe7 9. Nxc7+ Kd8 10. Nxa8 b6 11. d3 Bb7 12. Qf3 Nd4 13. Qh3 f4 14. c3 N4f5 15. Nxb6 axb6 16. Bd2 h5 17. O-O-O g5 18. f3 Qg7 19. g4 hxg4 20. Qxg4 Nh4 21. Rf1 Kc7 22. Nh3 Be7 23. Rhg1 Nf7 24. d4 Bf6 25. Bxf7 Qxf7 26. dxe5 Qxa2 27. exf6 Qa1+ 28. Kc2 Qa4+ 29. Kc1 Qa1+ 30. Kc2 Qa4+ 31. Kb1 Nxf3 32. Bxf4+ Kc8 33. Nf2 gxf4 34. Qf5 Rxh2 35. Rg8+ Kc7 36. Qc2 Be4 37. Qxe4 Nd2+ 38. Kc1 Nxe4 39. f7 Qa1+ 40. Kc2 Qxf1 41. f8=Q Rxf2+ 42. Kb3 Nc5+ 0-1

[Event "ch corr"]
[Site "Denmark ch corr"]
[Date "1979.??.??"]
[Round "?"]
[White "Nielsen, Julius"]
[Black "Granberg, Niels"]
[Result "0-1"]
[WhiteElo "2455"]
[BlackElo "2290"]
[PlyCount "46"]
[EventDate "1979.??.??"]
[Source "www.chesslib.no"]
[SourceDate "2004.05.04"]

1. e4 e5 2. Nc3 Nf6 3. Bc4 Nxe4 4. Qh5 Nd6 5. Bb3 Nc6 6. Nb5 g6 7. Qf3 f5 8. Qd5 Qe7 9. Nxc7+ Kd8 10. Nxa8 b6 11. d3 Bb7 12. h4 f4 13. Qf3 Bh6 14. Ne2 Nd4 15. Qg4 Nxe2 16. Kxe2 e4 17. dxe4 Nxe4 18. Be3 fxe3 19. f3 Ba6+ 20. Ke1 Qd6 21. Rd1 Qd2+ 22. Rxd2 exd2+ 23. Kd1 Nf2# 0-1

[Event "Corr"]
[Site "?"]
[Date "1999.12.13"]
[Round "7"]
[White "Dadi Daniel"]
[Black "Colombo Berra Fernando"]
[Result "1-0"]
[WhiteElo "2368"]
[BlackElo "2336"]
[PlyCount "58"]
[EventDate "1999.??.??"]
[Source "www.chesslib.no"]
[SourceDate "2004.05.04"]

1. e4 e5 2. Nc3 Nf6 3. Bc4 Nxe4 4. Qh5 Nd6 5. Bb3 Nc6 6. Nb5 g6 7. Qf3 f5 8. Qd5 Qe7 9. Nxc7+ Kd8 10. Nxa8 b6 11. Nxb6 axb6 12. Qf3 Bb7 13. d3 Nd4 14. Qh3 f4 15. c3 N4f5 16. Bd2 h5 17. f3 g5 18. O-O-O Bg7 19. Re1 Qf6 20. g3 g4 21. Qg2 fxg3 22. hxg3 Kc7 23. Bd1 Qg6 24. Rh2 Rg8 25. a3 Nb5 26. Qf2 Qc6 27. fxg4 Nh6 28. Bf3 Qe6 29. Bxb7 Kxb7 1-0

[Event "Budapest FS11 IM-B"]
[Site "Budapest"]
[Date "1994.??.??"]
[Round "1"]
[White "Smolovic, Mile"]
[Black "Lengyel, Bela"]
[Result "0-1"]
[WhiteElo "2370"]
[BlackElo "2320"]
[PlyCount "64"]
[EventDate "1994.11.??"]
[Source "ChessBase"]

1. e4 e5 2. Nc3 Nf6 3. Bc4 Nxe4 4. Qh5 Nd6 5. Bb3 Nc6 6. Nb5 g6 7. Qf3 f5 8. Qd5 Qe7 9. Nxc7+ Kd8 10. Nxa8 b6 11. d3 Bb7 12. h4 f4 13. Qf3 Nd4 14. Qg4 Ne8 15. c3 Nf6 16. Qh3 Nf5 17. Bd2 h5 18. O-O-O Ng4 19. Rf1 Bh6 20. Kb1 Bxa8 21. Bd1 Qd6 22. d4 Nf6 23. Nf3 e4 24. Ne5 Rf8 25. Nxg6 e3 26. f3 Ne4 27. fxe4 Bxe4+ 28. Ka1 Qxg6 29. Be1 e2 30. Bxe2 Ne3 31. b3 Bxg2 32. Qh2 Qc2 0-1

[Event "Wiesbaden Open"]
[Site "Wiesbaden GER"]
[Date "1990.??.??"]
[Round "?"]
[White "Dobos, Jozsef"]
[Black "Zude, Erik"]
[Result "1/2-1/2"]
[WhiteElo "2360"]
[BlackElo "2325"]
[PlyCount "91"]
[EventDate "1990.??.??"]
[Source "www.chesslib.no"]
[SourceDate "2004.05.04"]

1. e4 e5 2. Nc3 Nf6 3. Bc4 Nxe4 4. Qh5 Nd6 5. Bb3 Nc6 6. Nb5 g6 7. Qf3 f5 8. Qd5 Qe7 9. Nxc7+ Kd8 10. Nxa8 b6 11. Qf3 Bb7 12. Nxb6 axb6 13. Qh3 Nd4 14. d3 f4 15. Bd2 h5 16. O-O-O g5 17. f3 Rh7 18. g4 hxg4 19. Qxg4 Rh4 20. Qg2 g4 21. c3 Nxb3+ 22. axb3 Nf5 23. Qf2 Qc5 24. d4 exd4 25. Bxf4 dxc3 26. Qxc5 cxb2+ 27. Kxb2 bxc5 28. Bg5+ Be7 29. Bxh4 Nxh4 30. Ne2 Bxf3 31. Ng3 Bxd1 32. Rxd1 Nf3 33. Nf1 Bf6+ 34. Ka3 Be5 35. Rd5 d6 36. Ne3 Nxh2 37. Nc4 Ke7 38. Nxe5 Ke6 39. Rd2 Kxe5 40. Rxh2 g3 41. Rd2 d5 42. b4 cxb4+ 43. Kxb4 Ke4 44. Kc5 Kf3 45. Rd3+ Kf2 46. Rxg3 1/2-1/2

[Event "1st Zuglo Hotel Open"]
[Site "Budapest HUN"]
[Date "1999.02.19"]
[Round "1"]
[White "Bodrogi, M."]
[Black "Miroshnichenko, E."]
[Result "1-0"]
[WhiteElo "2177"]
[BlackElo "2500"]
[PlyCount "89"]
[EventDate "1999.??.??"]
[Source "www.chesslib.no"]
[SourceDate "2004.05.04"]

1. e4 e5 2. Bc4 Nf6 3. Nc3 Nxe4 4. Qh5 Nd6 5. Bb3 Nc6 6. Nb5 g6 7. Qf3 f5 8. Qd5 Qe7 9. Nxc7+ Kd8 10. Nxa8 b6 11. d3 Bb7 12. h4 f4 13. Nxb6 axb6 14. Qf3 Nd4 15. Qg4 Bg7 16. c3 Nxb3 17. axb3 h5 18. Qh3 Rf8 19. Bd2 e4 20. O-O-O Qf7 21. c4 Kc7 22. Ne2 f3 23. gxf3 exd3 24. Bf4 Qf6 25. Rxd3 Qxb2+ 26. Kd1 Be5 27. Bxe5 Qxe5 28. Qg3 Qa1+ 29. Nc1 Qf6 30. Rh3 Re8 31. Rh1 Re5 32. Re1 Rf5 33. Ree3 g5 34. hxg5 Rxg5 35. Qh2 Rf5 36. Ke2 Bc6 37. Na2 Rf4 38. Nc3 h4 39. Nd5+ Bxd5 40. Rxd5 Kc8 41. Red3 Nf7 42. Qh3 Ne5 43. Rxd7 Ng4 44. Rd8+ Kb7 45. R3d7+ 1-0

[Event "Corr"]
[Site "?"]
[Date "1999.??.??"]
[Round "5"]
[White "Dadi Daniel"]
[Black "Acedo Hector Oscar"]
[Result "1-0"]
[WhiteElo "2368"]
[BlackElo "2279"]
[PlyCount "45"]
[EventDate "1999.??.??"]
[Source "www.chesslib.no"]
[SourceDate "2004.05.04"]

1. e4 e5 2. Nc3 Nf6 3. Bc4 Nxe4 4. Qh5 Nd6 5. Bb3 Nc6 6. Nb5 g6 7. Qf3 f5 8. Qd5 Qe7 9. Nxc7+ Kd8 10. Nxa8 b6 11. Nxb6 axb6 12. Qf3 Bb7 13. d3 Nd4 14. Qh3 e4 15. Be3 exd3 16. O-O-O Nxb3+ 17. cxb3 Qe4 18. Nf3 Qc6+ 19. Kb1 Qc2+ 20. Ka1 Bg7 21. Bd4 Bxd4 22. Qh4+ Ke8 23. Qxd4 1-0

[Event "Corr"]
[Site "?"]
[Date "1999.12.08"]
[Round "2"]
[White "Morano Angel Mario"]
[Black "Colombo Berra Fernando"]
[Result "1-0"]
[WhiteElo "2293"]
[BlackElo "2336"]
[PlyCount "55"]
[EventDate "1999.??.??"]
[Source "www.chesslib.no"]
[SourceDate "2004.05.04"]

1. e4 e5 2. Nc3 Nf6 3. Bc4 Nxe4 4. Qh5 Nd6 5. Bb3 Nc6 6. Nb5 g6 7. Qf3 f5 8. Qd5 Qe7 9. Nxc7+ Kd8 10. Nxa8 b6 11. Nxb6 axb6 12. Ne2 Bb7 13. Qd3 f4 14. O-O Nb4 15. Qh3 Ne4 16. d4 Ng5 17. Qc3 f3 18. Bxg5 Qxg5 19. Ng3 h5 20. Rfe1 h4 21. Rxe5 Qf4 22. Rae1 Bd6 23. Ne4 Bxe5 24. dxe5 Bxe4 25. e6 Rh7 26. Qxb4 Qg4 27. Qxb6+ Ke7 28. g3 1-0

[Event "Travemunde"]
[Site "?"]
[Date "2001.??.??"]
[Round "6"]
[White "Wichmann Cliff"]
[Black "Ljubarskij Jurij"]
[Result "1-0"]
[WhiteElo "2258"]
[BlackElo "2358"]
[PlyCount "107"]
[EventDate "2001.??.??"]
[Source "www.chesslib.no"]
[SourceDate "2004.05.04"]

1. e4 e5 2. Nc3 Nf6 3. Bc4 Nxe4 4. Qh5 Nd6 5. Bb3 Nc6 6. Nb5 g6 7. Qf3 f5 8. Qd5 Qe7 9. Nxc7+ Kd8 10. Nxa8 b6 11. Qf3 Bb7 12. h4 Nd4 13. Qh3 Bxa8 14. c3 Ne6 15. d3 Bg7 16. Bd2 Nf4 17. Bxf4 exf4+ 18. Kd2 Re8 19. Kc2 Ne4 20. Re1 Qc5 21. dxe4 Qxf2+ 22. Re2 Bxe4+ 23. Kd2 Qc5 24. Nf3 Qd6+ 25. Kc1 Qd3 26. Rxe4 Rxe4 27. Rd1 Qe3+ 28. Nd2 Qxh3 29. gxh3 Re3 30. Nc4 Re7 31. Kd2 d5 32. Kc1 d4 33. cxd4 f3 34. Ne5 Rc7+ 35. Kb1 f2 36. Rf1 Bf6 37. Rxf2 Bxh4 38. Rc2 Rg7 39. Be6 Bf6 40. Nf3 f4 41. d5 Ke8 42. d6 Bd8 43. Rc8 g5 44. Ne5 h6 45. Nc6 Rd7 46. Bxd7+ Kxd7 47. Rxd8+ Kxc6 48. Kc2 h5 49. Kd3 g4 50. hxg4 hxg4 51. Ke4 f3 52. Ke3 a5 53. a4 b5 54. axb5+ 1-0

[Event "Corr"]
[Site "?"]
[Date "2001.01.28"]
[Round "?"]
[White "Larsson Mats"]
[Black "Peddie Ian A"]
[Result "1-0"]
[WhiteElo "2298"]
[BlackElo "2315"]
[PlyCount "131"]
[EventDate "2001.??.??"]
[Source "www.chesslib.no"]
[SourceDate "2004.05.04"]

1. Nc3 Nf6 2. e4 e5 3. Bc4 Nxe4 4. Qh5 Nd6 5. Bb3 Nc6 6. Nb5 g6 7. Qf3 f5 8. Qd5 Qe7 9. Nxc7+ Kd8 10. Nxa8 b6 11. d3 Bb7 12. h4 f4 13. Qf3 Nd4 14. Qg4 Bxa8 15. Bd2 Bg7 16. O-O-O Bf6 17. Re1 N6f5 18. h5 g5 19. Ne2 Nh6 20. Qh3 g4 21. Qh2 g3 22. Qg1 Ng4 23. f3 Nxb3+ 24. axb3 Nf2 25. Nxf4 Qc5 26. Be3 Qc6 27. Ne2 Nxd3+ 28. Kb1 Nxe1 29. Qxe1 Rg8 30. Nxg3 d5 31. Qf2 Bb7 32. Nf5 Bc8 33. Nh6 Rg7 34. f4 e4 35. f5 Bd7 36. g4 d4 37. Bf4 e3 38. Qh2 d3 39. cxd3 Qd5 40. Rc1 Bb5 41. Ka2 Rd7 42. Bg3 Ke8 43. Be1 Ba6 44. Bb4 Be5 45. Qg1 Bf4 46. g5 e2 47. f6 Qxg5 48. Qh1 Bb7 49. Rc6 Bxc6 50. Qxc6 Qxh6 51. Qc8+ Kf7 52. Qxd7+ Kxf6 53. Qe7+ Kf5 54. Qxe2 Qe6 55. Qf3 Kg5 56. d4 h6 57. d5 Qe3 58. Qd1 a5 59. Ba3 Kh4 60. d6 Qd2 61. Qh1+ Kg3 62. Qe4 b5 63. Bc5 Bg5 64. Qe6 a4 65. bxa4 bxa4 66. d7 1-0

[Event "First Saturday IM-A - Agosto 2007"]
[Site "Budapest UNG"]
[Date "2007.08.14"]
[Round "11"]
[White "Kahn, Evarth Dr"]
[Black "Radnai, Adam"]
[Result "1/2-1/2"]
[WhiteElo "2347"]
[BlackElo "2252"]
[PlyCount "20"]
[EventDate "2007.08.04"]
[Source "www.chesslib.no"]
[SourceDate "2004.05.04"]

1. e4 e5 2. Bc4 Nf6 3. Nc3 Nxe4 4. Qh5 Nd6 5. Bb3 Nc6 6. Nb5 g6 7. Qf3 f5 8. Qd5 Qe7 9. Nxc7+ Kd8 10. Nxa8 b6 1/2-1/2

[Event "Polanica Zdroj Open"]
[Site "Polanica Zdroj POL"]
[Date "1995.??.??"]
[Round "2"]
[White "Cherevatenko, Roman"]
[Black "Nurkiewicz, Maciej"]
[Result "1-0"]
[WhiteElo "2365"]
[BlackElo "2220"]
[PlyCount "51"]
[EventDate "1995.08.??"]
[Source "www.chesslib.no"]
[SourceDate "2004.05.04"]

1. e4 e5 2. Nc3 Nf6 3. Bc4 Nxe4 4. Qh5 Nd6 5. Bb3 Nc6 6. Nb5 g6 7. Qf3 f5 8. Qd5 Qe7 9. Nxc7+ Kd8 10. Nxa8 b6 11. d3 Bb7 12. h4 h6 13. Qf3 Bg7 14. Qg3 e4 15. d4 Bxd4 16. Ne2 e3 17. Bxe3 Bxb2 18. Nxb6 Bxa1 19. Nd5 Qf8 20. c3 f4 21. Bxf4 Nf5 22. Qd3 Qa3 23. O-O Ba6 24. Bc4 Bxc4 25. Qxc4 Qb2 26. Nf6 1-0

[Event "Budapest HUN"]
[Site "?"]
[Date "1998.??.??"]
[Round "?"]
[White "Bodrogi Mihaly"]
[Black "Lengyel Bela"]
[Result "1/2-1/2"]
[WhiteElo "2190"]
[BlackElo "2385"]
[PlyCount "37"]
[EventDate "1998.??.??"]
[Source "www.chesslib.no"]
[SourceDate "2004.05.04"]

1. e4 e5 2. Bc4 Nf6 3. Nc3 Nxe4 4. Qh5 Nd6 5. Bb3 Nc6 6. Nb5 g6 7. Qf3 f5 8. Qd5 Qe7 9. Nxc7+ Kd8 10. Nxa8 b6 11. d3 Bb7 12. h4 f4 13. Nxb6 axb6 14. Qf3 Nd4 15. Qg4 Bh6 16. Bd2 Ne8 17. O-O-O Nf6 18. Qh3 d6 19. f3 1/2-1/2

[Event "BEL-chT 0102"]
[Site "?"]
[Date "2002.10.12"]
[Round "7"]
[White "Claesen Jeroen"]
[Black "Aubel Jochem"]
[Result "1/2-1/2"]
[WhiteElo "2297"]
[BlackElo "2265"]
[PlyCount "71"]
[EventDate "2002.??.??"]
[Source "www.chesslib.no"]
[SourceDate "2004.05.04"]

1. e4 e5 2. Nc3 Nf6 3. Bc4 Nxe4 4. Qh5 Nd6 5. Bb3 Nc6 6. Nb5 g6 7. Qf3 f5 8. Qd5 Qe7 9. Nxc7+ Kd8 10. Nxa8 b6 11. d3 Bb7 12. h4 f4 13. Qf3 Nd4 14. Qg4 Qf6 15. c3 h5 16. Qh3 N4f5 17. Nf3 Bxa8 18. d4 Bxf3 19. Qxf3 Nxh4 20. Qa8+ Nc8 21. Qe4 Bd6 22. dxe5 Bxe5 23. Bd2 Re8 24. O-O-O Bd6 25. Qd5 Re5 26. Qg8+ Kc7 27. g3 Ng2 28. Rhg1 f3 29. Qf7 Qxf7 30. Bxf7 Ne7 31. Rxg2 fxg2 32. Bf4 g1=Q 33. Rxg1 Rf5 34. Bxd6+ Kxd6 35. Rd1+ Kc7 36. Be8 1/2-1/2

[Event "Zalakaros Open"]
[Site "Zalakaros"]
[Date "1988.??.??"]
[Round "9"]
[White "Boronyak, Arpad"]
[Black "Deak, Sandor"]
[Result "1-0"]
[WhiteElo "2275"]
[BlackElo "2280"]
[PlyCount "109"]
[EventDate "1988.04.??"]
[Source "www.chesslib.no"]
[SourceDate "2004.05.04"]

1. e4 e5 2. Nc3 Nf6 3. Bc4 Nxe4 4. Qh5 Nd6 5. Bb3 Nc6 6. Nb5 g6 7. Qf3 f5 8. Qd5 Qe7 9. Nxc7+ Kd8 10. Nxa8 b6 11. Nxb6 axb6 12. Qd3 Bb7 13. c3 e4 14. Qe3 Kc7 15. d4 h5 16. Qg5 Qe8 17. Bf4 Bh6 18. Qg3 Bxf4 19. Qxf4 Qe7 20. h4 Ba6 21. O-O-O Bd3 22. Nh3 Ra8 23. Rhe1 Qf8 24. Ng5 Kb7 25. Nh7 Qb8 26. Nf6 Qc7 27. Nd5 Qb8 28. f3 Na5 29. Bc2 Bxc2 30. Kxc2 Nac4 31. Nb4 Ra4 32. fxe4 Nxb2 33. Rb1 Nbc4 34. e5 Ne4 35. Rxe4 fxe4 36. Qxe4+ Kc8 37. Rf1 Qb7 38. Rf8+ Kc7 39. Qxb7+ Kxb7 40. Kd3 Nb2+ 41. Ke4 Nd1 42. Kd3 Ra3 43. Nd5 Rxa2 44. Rf7 Nf2+ 45. Kc4 b5+ 46. Kxb5 Rb2+ 47. Kc4 Kc8 48. Rf8+ Kb7 49. Rd8 Ne4 50. Rxd7+ Kc8 51. e6 g5 52. Rc7+ Kb8 53. e7 Nd6+ 54. Kc5 Ne8 55. Rd7 1-0

[Event "Cattolica"]
[Site "Cattolica ITA"]
[Date "1993.??.??"]
[Round "5"]
[White "Prins, Lodewijk"]
[Black "Zsinka, Laszlo"]
[Result "0-1"]
[WhiteElo "2225"]
[BlackElo "2325"]
[PlyCount "96"]
[EventDate "1993.05.??"]
[Source "www.chesslib.no"]
[SourceDate "2004.05.04"]

1. e4 e5 2. Nc3 Nf6 3. Bc4 Nxe4 4. Qh5 Nd6 5. Bb3 Nc6 6. Nb5 g6 7. Qf3 f5 8. Qd5 Qe7 9. Nxc7+ Kd8 10. Nxa8 b6 11. Nf3 Bb7 12. d4 Nxd4 13. Bg5 Nxf3+ 14. Qxf3 Qxg5 15. Bd5 e4 16. Qb3 Bg7 17. Nxb6 axb6 18. Qxb6+ Ke7 19. Bxb7 Rb8 20. Rd1 Qf6 21. Qc5 Rxb7 22. O-O Rb5 23. Qc7 Qe5 24. f4 Qc5+ 25. Qxc5 Rxc5 26. c3 Nc4 27. Rf2 Rb5 28. b3 Ne3 29. Re1 Ng4 30. Rc2 Rc5 31. h3 Nf6 32. c4 Nd5 33. g3 Bd4+ 34. Kh2 Nb4 35. Rce2 Kf7 36. Rd1 Nd3 37. Red2 Ke6 38. Rxd3 exd3 39. Rxd3 Bf6 40. Re3+ Kf7 41. Re2 d5 42. cxd5 Rxd5 43. Kg2 Bc3 44. Kf2 Rd3 45. Rc2 h5 46. h4 Ke6 47. Re2+ Kd7 48. Kg2 Rd2 0-1

[Event "Corr"]
[Site "?"]
[Date "1998.12.15"]
[Round "?"]
[White "Larsson Mats (SVE)"]
[Black "Tait Jonathan"]
[Result "1/2-1/2"]
[WhiteElo "2154"]
[BlackElo "2383"]
[PlyCount "121"]
[EventDate "1998.??.??"]
[Source "www.chesslib.no"]
[SourceDate "2004.05.04"]

1. Nc3 Nf6 2. e4 e5 3. Bc4 Nxe4 4. Qh5 Nd6 5. Bb3 Nc6 6. Nb5 g6 7. Qf3 f5 8. Qd5 Qe7 9. Nxc7+ Kd8 10. Nxa8 b6 11. d3 Bb7 12. h4 f4 13. Qf3 Nd4 14. Qg4 Bxa8 15. Bd2 Bg7 16. O-O-O Bf6 17. Re1 N6f5 18. h5 g5 19. Ne2 Nh6 20. Qh3 g4 21. Qh2 g3 22. Qg1 Ng4 23. f3 Nxb3+ 24. axb3 Nf2 25. Nxf4 Qc5 26. Be3 Qc7 27. Ne2 Nxd3+ 28. Kb1 Nxe1 29. Qxe1 Rg8 30. Rh3 d6 31. Rxg3 Rxg3 32. Nxg3 Bh4 33. Qb4 Bxg3 34. Qg4 Qf7 35. Qxg3 Bc6 36. Qg5+ Qe7 37. Qg8+ Kc7 38. h6 Be8 39. Qc4+ Kd7 40. Qa6 Ke6 41. f4 exf4 42. Bxf4 Bg6 43. Qc8+ Qd7 44. Qc4+ d5 45. Qe2+ Kf7 46. Be5 Qf5 47. Bb8 Qe4 48. Qxe4 Bxe4 49. Bxa7 b5 50. g3 Ke6 51. Kc1 Kd6 52. c3 Kc6 53. Kd2 Bg6 54. b4 Bf5 55. Ke3 Bc2 56. g4 Bd1 57. g5 Bc2 58. Kd4 Bg6 59. Ke5 Bb1 60. Be3 Bg6 61. Kd4 1/2-1/2

[Event "Corr"]
[Site "?"]
[Date "1999.??.??"]
[Round "?"]
[White "Belanoff Stuart B"]
[Black "Simmelink Joop Theo"]
[Result "1-0"]
[WhiteElo "2197"]
[BlackElo "2329"]
[PlyCount "47"]
[EventDate "1999.??.??"]
[Source "www.chesslib.no"]
[SourceDate "2004.05.04"]

1. e4 e5 2. Nc3 Nf6 3. Bc4 Nxe4 4. Qh5 Nd6 5. Bb3 Nc6 6. Nb5 g6 7. Qf3 f5 8. Qd5 Qe7 9. Nxc7+ Kd8 10. Nxa8 b6 11. d3 Bb7 12. h4 f4 13. Qf3 Bh6 14. Bd2 Nd4 15. Qg4 e4 16. O-O-O e3 17. Be1 Nxb3+ 18. axb3 exf2 19. Bxf2 f3+ 20. Kb1 fxg2 21. Rh3 Bxa8 22. h5 g5 23. Qa4 Ne8 24. Qxa7 1-0

[Event "HUN Team Ch"]
[Site "HUN"]
[Date "1992.??.??"]
[Round "?"]
[White "Porubszky Angyalosine, Maria A"]
[Black "Kovacs, Gabor M"]
[Result "1/2-1/2"]
[WhiteElo "2210"]
[BlackElo "2310"]
[PlyCount "58"]
[EventDate "1992.??.??"]
[Source "www.chesslib.no"]
[SourceDate "2004.05.04"]

1. e4 e5 2. Bc4 Nf6 3. Nc3 Nxe4 4. Qh5 Nd6 5. Bb3 Nc6 6. Nb5 g6 7. Qf3 f5 8. Qd5 Qe7 9. Nxc7+ Kd8 10. Nxa8 b6 11. Nxb6 axb6 12. Qf3 Nd4 13. Qh3 e4 14. c3 Nc6 15. Qe3 Ne5 16. Qxb6+ Ke8 17. Ne2 Nd3+ 18. Kd1 e3 19. fxe3 Nf2+ 20. Ke1 Nxh1 21. Nf4 Bb7 22. d3 Qh4+ 23. Kd1 Nf2+ 24. Kc2 g5 25. Qd4 gxf4 26. Qxh8 Nxd3 27. Qd4 Ne1+ 28. Kd1 Bxg2 29. Qe5+ Be7 1/2-1/2

[Event "US Open"]
[Site "Palo Alto"]
[Date "1981.??.??"]
[Round "8"]
[White "Frankle, Jon"]
[Black "Chesney, Bill"]
[Result "1-0"]
[WhiteElo "2348"]
[BlackElo "2165"]
[PlyCount "53"]
[EventDate "1981.??.??"]
[Source "www.chesslib.no"]
[SourceDate "2004.05.04"]

1. e4 e5 2. Bc4 Nf6 3. Nc3 Nxe4 4. Qh5 Nd6 5. Bb3 Nc6 6. Nb5 g6 7. Qf3 f5 8. Qd5 Qe7 9. Nxc7+ Kd8 10. Nxa8 b6 11. d3 Bb7 12. h4 f4 13. Qf3 Nd4 14. Qg4 Bh6 15. c3 N4f5 16. Nf3 e4 17. Ng5 exd3+ 18. Kf1 f3 19. Nxf3 Qe2+ 20. Kg1 Ne4 21. Bxh6 Nxh6 22. Qf4 Qxf2+ 23. Kh2 Re8 24. Rhf1 Qc5 25. Ng5 Bxa8 26. Nxe4 Rxe4 27. Qb8+ 1-0

[Event "FSIMA November"]
[Site "Budapest HUN"]
[Date "2007.11.08"]
[Round "6"]
[White "Hvenekilde, J."]
[Black "Lengyel, B."]
[Result "0-1"]
[WhiteElo "2239"]
[BlackElo "2263"]
[PlyCount "85"]
[EventDate "2007.11.03"]
[Source "www.chesslib.no"]
[SourceDate "2004.05.04"]

1. e4 e5 2. Bc4 Nf6 3. Nc3 Nxe4 4. Qh5 Nd6 5. Bb3 Nc6 6. Nb5 g6 7. Qf3 f5 8. Qd5 Qe7 9. Nxc7+ Kd8 10. Nxa8 b6 11. Ne2 Bb7 12. Qf3 Nd4 13. Qh3 Bxa8 14. d3 Nxe2 15. Kxe2 f4 16. Re1 Nf5 17. Kf1 Qf6 18. c3 Bd6 19. Re4 h5 20. g3 g5 21. Kg1 Bc5 22. gxf4 exf4 23. Qf1 Nh4 24. Bd1 Qf5 25. b4 Bd6 26. f3 Rf8 27. Bd2 g4 28. Be1 Qg5 29. Bxh4 Qxh4 30. a3 Rg8 31. Kh1 Bxe4 32. dxe4 g3 33. Ra2 Be5 34. Rg2 Rg6 35. Bb3 Rc6 36. c4 Rd6 37. c5 bxc5 38. bxc5 Rc6 39. Qc4 Qe7 40. Rc2 gxh2 41. Ba4 Qg7 42. Rg2 Rg6 43. Qe2 0-1

[Event "Yerevan ol (Women)"]
[Site "Yerevan"]
[Date "1996.??.??"]
[Round "11"]
[White "Laesson, Tuulikki"]
[Black "Starr, Nava"]
[Result "1-0"]
[WhiteElo "2290"]
[BlackElo "2210"]
[PlyCount "107"]
[EventDate "1996.09.??"]
[Source "www.chesslib.no"]
[SourceDate "2004.05.04"]

1. e4 e5 2. Bc4 Nf6 3. Nc3 Nxe4 4. Qh5 Nd6 5. Bb3 Nc6 6. Nb5 g6 7. Qf3 f5 8. Qd5 Qe7 9. Nxc7+ Kd8 10. Nxa8 b6 11. d3 Bb7 12. h4 h6 13. Nxb6 axb6 14. Qf3 Nd4 15. Qh3 e4 16. Be3 exd3 17. O-O-O Nxb3+ 18. cxb3 Ba6 19. Bxb6+ Kc8 20. Rxd3 Kb8 21. Bd4 Rg8 22. Bc5 Qe4 23. Re3 Qc6 24. Rc3 Ne4 25. Bxf8 Qd5 26. Bxh6 g5 27. Qe3 f4 28. Qe1 Re8 29. Rc2 Bd3 30. Qb4+ Ka8 31. Rc7 Ba6 32. Nf3 Nxf2 33. Qd4 Qxd4 34. Nxd4 Nxh1 35. Bxg5 d5 36. Rd7 Re4 37. Rxd5 Ng3 38. Rd8+ Kb7 39. b4 Rxd4 40. Rxd4 Ne2+ 41. Kd2 Nxd4 42. Bxf4 Bf1 43. g3 Bh3 44. h5 Ne6 45. Ke3 Bg4 46. h6 Nf8 47. Bd6 Nh7 48. Kf4 Be6 49. b3 Kc6 50. Ke5 Bg4 51. Bc5 Bh3 52. Be3 Bf1 53. Ke6 Bd3 54. Kf7 1-0